000 00572nas a2200217 i 4500
001 2136
003 ES-MaACL
005 20250217134527.0
007 t|
008 950801d18941914fr | | 1 ||re d
022 _a2017-8069
245 0 0 _aRevue pratique de l'electricité.
260 _aParis :
_b[s.n.],
_c1894-1914 (
_eLaval :
_fL. Barnéoud)
300 _a3 v. ;
_c31 cm.
310 _aBimensual
362 0 _aAño I (1894)-(1914)
650 4 _aElectrotecnia.
_912169
852 _aES-MaACL
_jHem-306
866 0 _o(1901)1902-03(1904).
999 _c2136
_d2136